Bosnian: to be - Statistics

General Stats
  • This quiz has been taken 36 times
  • The average score is 5 of 6
Answer Stats
English Bosnian % Correct
I am sam
100%
You are si
100%
He/she is je
94%
They are su
61%
They are smo
56%
We are ste
56%
No matching quizzes found
Score Distribution
Percent of People with Each Score
Percentile by Number Answered
Your Score History
You have not taken this quiz